Mobile games : Creating business with Nokia N-Gage
| Main Author: | |
|---|---|
| Format: | Book |
| Published: |
Indianapolis :
New Rides Publishing ,
2003
|
| Subjects: |
MARC
| LEADER | 00000cam a2200000 7i4500 | ||
|---|---|---|---|
| 001 | 0000042882 | ||
| 005 | 20141030.0 | ||
| 008 | 141030 | ||
| 020 | |a 0735713758 | ||
| 090 | 0 | 0 | |a 794.8 |b PAA |
| 100 | 1 | |a Paavilainen, Jouni | |
| 245 | 1 | 0 | |a Mobile games : |b Creating business with Nokia N-Gage |c Jouni Paavilainen |
| 260 | |a Indianapolis : |b New Rides Publishing , |c 2003 | ||
| 650 | 0 | |a Computer games |x Programming | |
| 650 | 0 | |a Mobile games | |
| 650 | 0 | |a Nokia (firm) | |
| 999 | |a 0001296174 |b Book |c Adult Collection |e Perbadanan Perpustakaan Awam Johor | ||